Monetary Unit Quiz - Statistics

General Stats
  • This quiz has been taken 25 times
  • The average score is 43 of 196
Answer Stats
Country Answer % Correct
Andorra | Austria | Belgium | +21 others Euro
88%
Argentina | Colombia | Dominican Republic | +2 others Peso
75%
Djibouti Franc
63%
Japan Yen
63%
United Kingdom Pound
58%
Iran | Oman Rial
54%
East Timor | Ecuador | El Salvador | +4 others US Dollar
54%
Australia | Nauru Australian Dollar
50%
Kiribati Kiribati Dollar/Australian Dollar
50%
Russia Ruble
50%
Tuvalu Tuvalu Dollar/Australian Dollar
50%
Canada Canadian Dollar
46%
Libya Dinar
42%
Brazil Real
42%
Vietnam Dong
38%
Iceland | Sweden Krona
33%
India Indian Rupee
29%
Cambodia Riel
29%
South Africa South African Rand
29%
Albania Lek
25%
New Zealand New Zealand Dollar
25%
Afghanistan Afghani
21%
Turkey Turkish Lira
21%
North Korea Won
21%
Poland Zloty
21%
Liechtenstein | Switzerland Swiss Franc
17%
Bahamas Bahamian Dollar
13%
Ethiopia Birr
13%
Denmark Danish Krone
13%
Panama Balboa
8%
Thailand Bhat
8%
Benin | Burkina Faso | Cameroon | +11 others CFA Franc
8%
Costa Rica Colon
8%
Cuba Cuban Peso
8%
Czech Republic Czech Koruna
8%
Paraguay Guarani
8%
Jamaica Jamaican Dollar
8%
Laos Kip
8%
Croatia Kuna
8%
Angola Kwanza
8%
Liberia Liberian Dollar
8%
Nigeria Naira
8%
Bhutan Ngultrum
8%
Malaysia Ringgit
8%
Indonesia Rupiah
8%
Singapore Singapore Dollar
8%
Belarus Belarusian Ruble
4%
Belize Belize Dollar
4%
Bolivia Boliviano
4%
Chile Chilean Peso
4%
Democratic Republic of the Congo Congolese Franc
4%
Nicaragua Cordoba
4%
São Tomé and Príncipe Dobra
4%
Armenia Dram
4%
Egypt Egyptian Pound
4%
Hungary Forint
4%
Haiti Gourde
4%
Ukraine Hryvnia
4%
Kuwait Kuwaiti Dinar
4%
Myanmar Kyat
4%
Georgia Lari
4%
Honduras Lempira
4%
Sierra Leone Leone
4%
Lithuania Litas
4%
North Macedonia Macedonian Denar
4%
Azerbaijan Manat
4%
Mauritius Mauritian Rupee
4%
Moldova Moldovan Leu
4%
Morocco Moroccan Dirham
4%
Nepal Nepalese Rupee
4%
Pakistan Pakistani Rupee
4%
Papua New Guinea Papua New Guinean
4%
Qatar Qatari Riyal
4%
Guatemala Quetzal
4%
China Renminbi
4%
Romania Romanian Leu
4%
Sauid Arabia Saudi Riyal
4%
Kyrgyzstan Som
4%
Tajikistan Somoni
4%
South Korea South Korean Won
4%
Bangladesh Taka
4%
Kazakhstan Tenge
4%
United Arab Emirates UAE Dirham
4%
Uruguay Uruguayan Peso
4%
Zimbabwe Zimbabwean Dollar
4%
Algeria Algerian Dinar
0%
Bahrain Bahraini Dinar
0%
Barbados Barbadian Dollar
0%
Venezuela Bolivar Fuertes
0%
Brunei Brunei Dollar
0%
Burundi Burundi Franc
0%
Cape Verde Cape Verdean Escudo
0%
Ghana Cedi
0%
Comoros Comorian Franc
0%
Bosnia and Herzegovina Convetible Mark
0%
Gambia Dalasi
0%
Antigua and Barbuda | Dominica | Grenada | +3 others East Caribbean Dollar
0%
Fiji Fijian Dollar
0%
Guinea Guinean Franc
0%
Guyana Guyanese Dollar
0%
Iraq Iraqi Dinar
0%
Israel Israeli New Shekel
0%
Jordan Jordanian Dinar
0%
Kenya Kenyan Shilling
0%
Malawi Kwacha
0%
Latvia Lats
0%
Lebanon Lebanese Pound
0%
Lesotho Lesotho Loti
0%
Eswatini Lilangeni
0%
Madagascar Malagasy Franc
0%
Maldives Maldivan Rufiyaa
0%
Mozambique Mozambican Metical
0%
Eritrea Nakfa
0%
Namibia Namibian Dollar
0%
Taiwan New Taiwan Dollar
0%
Norway Norwegian Krone
0%
Peru Nuevo Sol
0%
Mauritania Ouguiya
0%
Tonga Pa'anga
0%
Botswana Pula
0%
Rwanda Rwandan Franc
0%
Serbia Serbian Dollar
0%
Seychelles Seychellois Rupee
0%
Solomon Islands Solomon Island Dollar
0%
Somalia Somali Shilling
0%
South Sudan South Sudanese Pound
0%
Sri Lanka Sri Lankan Rupee
0%
Sudan Sudanese Pound
0%
Suriname Surinamese Dollar
0%
Syria Syrian Pound
0%
Samoa Tala
0%
Tanzania Tanzanian Shilling
0%
Mongolia Togrog (Tugriks)
0%
Trinidad and Tobago Trinidad and Tobago Dollar
0%
Tunisia Tunisian Diner
0%
Turkmenistan Turkmen New Manat
0%
Uganda Ugandan Shilling
0%
Uzbekistan Uzbekistan Som
0%
Vanuatu Vanuatu Vatu
0%
Yemen Yemeni Rial
0%
Zambia Zambian Kwacha
0%
No matching quizzes found
Score Distribution
Percent of People with Each Score
Percentile by Number Answered
Your Score History
You have not taken this quiz